000 00266nam a22001217a 4500
008 170815b xxu||||| |||| 00| 0 eng d
041 _aeng
080 _a51
100 _a36
101 _aMAT
245 _aVECTOR AND TENSOR ANALYSIS
_cLASS.H
942 _2udc
_cBK
999 _c23586
_d23586